<?xml version="1.0" encoding="UTF-8"?>
<collection xmlns="http://www.loc.gov/MARC21/slim">
 <record>
  <leader>01510nrm a2200205 a 4500</leader>
  <controlfield tag="001">1/21620</controlfield>
  <controlfield tag="008">021114s1999    gr 45        f   1vzgre d</controlfield>
  <datafield tag="035" ind1=" " ind2=" ">
   <subfield code="l">22293</subfield>
  </datafield>
  <datafield tag="040" ind1=" " ind2=" ">
   <subfield code="a">GR-PeUP</subfield>
  </datafield>
  <datafield tag="082" ind1="0" ind2="0">
   <subfield code="a">ΑU-708 ΠΕ</subfield>
  </datafield>
  <datafield tag="245" ind1="0" ind2="0">
   <subfield code="a">Πειραιάς :</subfield>
   <subfield code="b">το Αρχαιολογικό Μουσείο και η ιστορία της αρχαίας πόλης [βιντεοκασέτα] /</subfield>
   <subfield code="c">παραγωγή Σύλλογος Φίλων Αρχαιολογικού Μουσείου Πειραιά ; κείμενο και επιστημονική επιμέλεια Γιώργος Σταϊνχάουερ ; σκηνοθεσία Πάνος Ζενέλης.</subfield>
  </datafield>
  <datafield tag="260" ind1=" " ind2=" ">
   <subfield code="a">Πειραιάς :</subfield>
   <subfield code="b">Σύλλογος των Φίλων του Αρχαιολογικού Μουσείου Πειραιά,</subfield>
   <subfield code="c">1999.</subfield>
  </datafield>
  <datafield tag="300" ind1=" " ind2=" ">
   <subfield code="a">1 βιντεοκασέτα of 1 (Beta) (45 λεπ.) :</subfield>
   <subfield code="b">ομιλ., εγχρ. ;</subfield>
   <subfield code="c">1/2 ίν.</subfield>
  </datafield>
  <datafield tag="500" ind1=" " ind2=" ">
   <subfield code="a">Ντοκιμαντέρ.</subfield>
  </datafield>
  <datafield tag="500" ind1=" " ind2=" ">
   <subfield code="a">Χορηγός NEXUS AXE, εκτέλεση παραγωγής MECANO FILM.</subfield>
  </datafield>
  <datafield tag="500" ind1=" " ind2=" ">
   <subfield code="a">Υπό την αιγίδα της Νομαρχίας Πειραιά.</subfield>
  </datafield>
  <datafield tag="610" ind1="2" ind2="0">
   <subfield code="a">Αρχαιολογικό Μουσείο Πειραιά.</subfield>
  </datafield>
  <datafield tag="651" ind1=" " ind2="4">
   <subfield code="a">Πειραιάς (Αττική)</subfield>
   <subfield code="x">Αρχαιότητες.</subfield>
  </datafield>
  <datafield tag="710" ind1="2" ind2=" ">
   <subfield code="a">Σύλλογος Φίλων Αρχαιολογικού Μουσείου Πειραιά.</subfield>
  </datafield>
  <datafield tag="852" ind1=" " ind2=" ">
   <subfield code="a">INST</subfield>
   <subfield code="b">UNIPILB</subfield>
   <subfield code="c">REF</subfield>
   <subfield code="e">20040709</subfield>
   <subfield code="h">ΑU-708 ΠΕ</subfield>
   <subfield code="p">00140288</subfield>
   <subfield code="q">00140288</subfield>
   <subfield code="t">NOLOAN</subfield>
   <subfield code="y">23</subfield>
   <subfield code="4">1</subfield>
  </datafield>
 </record>
</collection>
